LEADER 00906nam 2200265 450 001 996664071403316 005 20250704142520.0 100 $a20250704d1959----km y0itay5003 ba 101 0 $aita 102 $aIT 105 $ay 00 y 200 1 $aAssicurazioni private$ecenni storici e fonti, disciplina dell'impresa assicuratrice e dei suoi collaboratori, contratto di assicurazione in generale, regole speciali delle assicurazioni contro i danni e singoli rami$fNicola Gasperoni 210 $aTorino$cUTET$d1959 215 $a305 p.$d24 cm 300 $aEstratto da: Novissimo digesto italiano 606 0 $aAssicurazioni private$2BNCF 676 $a346.45086 700 1$aGASPERONI,$bNicola$0113766 801 0$aIT$bcba$gREICAT 912 $a996664071403316 951 $aXVI.7.A. 437$bFBUO$cXVI.7.A. 959 $aBK 969 $aFBUO 996 $aAssicurazioni private$9680773 997 $aUNISA